El municipi i la problemàtica de la planificació familiar : Casa de Maternitat 15 i 16 d'abril 1983 / Diputació de Barcelona, Servei de Sanitat, Departament d'Orientació i Planificació Familiar Casa de Maternitat 15 i 16 d'abril 1983 / Diputació de Barcelona, Servei de Sanitat, Departament d'Orientació i Planificació Familiar
Descripción Física:
1 tríptic ; 21 cm
Materias:
Control de la natalitat -- Catalunya
MARC
| LEADER | 00000nam a2200000Ia 4500 | ||
|---|---|---|---|
| 001 | 15888 | ||
| 008 | 160829s1983 xx 000 0 cat d | ||
| 080 | |a FU-40-38 | ||
| 245 | |a El municipi i la problemàtica de la planificació familiar : |b Casa de Maternitat 15 i 16 d'abril 1983 / Diputació de Barcelona, Servei de Sanitat, Departament d'Orientació i Planificació Familiar | ||
| 260 | |a [Barcelona] : |b Casa Caritat, |c 1983 | ||
| 300 | |a 1 tríptic ; |c 21 cm | ||
| 590 | |a Prové de 4709, exp. Servei de planificació familiar. | ||
| 650 | |a Control de la natalitat |x Catalunya |9 25292 | ||
| 710 | 1 | |a Barcelona (Catalunya : Província). |b Departament d'Orientació i Planificació Familiar |9 53911 | |
| 901 | |a Arxiu | ||
| 942 | |n 1 | ||
| 952 | |0 0 |1 0 |4 0 |6 FU4038 |7 1 |9 53434 |a Arxiu |b Arxiu |d 2016-12-01 |l 0 |o FU-40-38 |p 15888 |r 2016-12-01 00:00:00 |w 2016-12-01 |y ARXIU | ||
| 999 | |c 57300 |d 57300 | ||